Statistiques concernant Voc allemand - Éthique, religion

Cliquez ici pour prendre le quiz!

Statistiques générales

  • Ce quiz a été pris 17 fois
    (10 depuis la dernière actualisation)
  • Le résultat moyen est 13 sur 37

Statistiques - réponses

HintRéponse% Correct
ChristlichChrétien
78%
Der BuddhismusLe bouddhisme
67%
Das ChristentumLe christianisme
67%
Der HimmelLe ciel
67%
Der KoranLe Coran
67%
Der Gott, ¨-erLe dieu
67%
Die Kirche, -nL’Église / l'église
67%
Der Fasching / der KarnevalLe carnaval
56%
Das JudentumLe judaïsme
56%
Der PriesterLe prêtre
56%
Der IslamL'islam
56%
Schlecht / böseMauvais
56%
WeihnachtenNoël
56%
OsternPâques
56%
Die Glocke, -nLa cloche
44%
Das Gebet, -eLa prière
44%
Der Feiertag, -eLe jour férié
44%
BetenPrier
44%
Evangelisch / reformiert / protestantischProtestant
44%
Die Pflicht, -enLe devoir
33%
Der TeufelLe diable
22%
Der KarfreitagLe vendredi saint
22%
EdelNoble
22%
HeiligSaint
22%
Der Dom, -eLa cathédrale
11%
Das GewissenLa conscience
11%
Die Seele, -nL'âme
11%
Der Gottesdienst, -eLe culte / la messe
11%
Die Hölle, -nL'enfer
11%
Der PfarrerLe pasteur
11%
Die Sünde, -nLe péché
11%
Der HinduismusL'hindouisme
11%
Die SchuldLa faute / la culpabilité
0%
PfingstenLa Pentecôte
0%
Das MtileidLa pitié
0%
FrommPieux
0%
BereuenSe repentir / regretter
0%

Distribution des résultats

Percentile par nombre de réponses

% des personnes avec chaque résultat

Votre développement - résultats

Vous n’avez pas pris ce quiz depuis la dernière actualisation